TV by Pajama Pants Quiz Stats

Quiz Updated Dec 6, 2015

Also try: TV by T-Shirt
Challenge
Share
Tweet
Score 0/20 Timer 05:00
1 Play Today
% Correct
The Simpsons
98.3%
Family Guy
97.7%
Sesame Street
97.6%
Teenage Mutant Ninja Turtles
96.1%
The Muppet Show
95.3%
South Park
94.7%
The Big Bang Theory
92.1%
SpongeBob SquarePants
91.3%
Breaking Bad
87.9%
Beavis and Butt-Head
87.7%
% Correct
Doctor Who
83.7%
The Transformers
82.6%
Scooby-Doo, Where Are You!
76.7%
Sons of Anarchy
68.5%
Justice League
67%
Ren and Stimpy
58.2%
Adventure Time
51.8%
Phineas and Ferb
45.2%
My Little Pony: Friendship Is Magic
37.1%
Supernatural
31.7%

You're not logged in!

Compare scores with friends on all Sporcle quizzes.
Sign Up with Email
OR
Log In

You Might Also Like...

Show Comments

Extras

Top Quizzes Today


Score Distribution

Your Account Isn't Verified!

In order to create a playlist on Sporcle, you need to verify the email address you used during registration. Go to your Sporcle Settings to finish the process.